000 00563nam a22002177a 4500
001 66964
003 UA-OsUOA
005 20220515223923.0
007 ta
008 20100204b un ||||| |||| 00| 0 ukr d
040 _aUA-OsUOA
_brus
_cUA-OsUOA
_dUA-OsUOA
041 _arus
080 _a82.09(47+57)
090 _a82.09(47+57)
_bП91
245 _aПущин И. И.
260 _aМ.
_c1988
300 _a558 с.
650 7 _a82.09 Літературна критика. Літературні дослідження
_2UDC
942 _cBK
_2udc
955 _a2
999 _c353241
_d353241